[Event "GER-chT U10"]
[Site "Magdeburg"]
[Date "2015.12.29"]
[Round "7.1"]
[White "Gehle, Joshua"]
[Black "Hartmann, Samuel"]
[Result "0-1"]
[WhiteElo "910"]
[BlackElo "888"]
[PlyCount "42"]
[EventDate "2015.12.27"]
[EventType "team-swiss"]
[EventRounds "7"]
[EventCountry "GER"]
[SourceTitle "EXT 2017"]
[Source "ChessBase"]
[SourceDate "2016.10.25"]
[SourceVersion "1"]
[SourceVersionDate "2016.10.25"]
[SourceQuality "1"]
[WhiteTeam "Bad Schwartau"]
[BlackTeam "Niederkassel"]
[WhiteTeamCountry "GER"]
[BlackTeamCountry "GER"]

1. e4 e5 2. Nf3 Nc6 3. Bb5 Nf6 4. 0-0 Nxe4 5. Re1 Nf6 6. Nxe5 Nxe5 7. Rxe5+ Be7 8. Qe2 c6 9. Bc4 d6 10. Re3 Bf5 11. c3 Ng4 12. Rf3 Qd7 13. d4 0-0 14. h3 Nf6 15. Rg3 d5 16. Bh6 Bg6 17. Bd3 Bd6 18. Bxg6 fxg6 19. Rf3 Rae8 20. Qd2 gxh6 21. Qxh6 Re1# 0-1

[Event "GER-chT U10"]
[Site "Magdeburg"]
[Date "2015.12.27"]
[Round "1.1"]
[White "Gehle, Joshua"]
[Black "Nitsche, Nikolai"]
[Result "0-1"]
[WhiteElo "910"]
[BlackElo "1227"]
[PlyCount "49"]
[EventDate "2015.12.27"]
[EventType "team-swiss"]
[EventRounds "7"]
[EventCountry "GER"]
[SourceTitle "EXT 2017"]
[Source "ChessBase"]
[SourceDate "2016.10.25"]
[SourceVersion "1"]
[SourceVersionDate "2016.10.25"]
[SourceQuality "1"]
[WhiteTeam "Bad Schwartau"]
[BlackTeam "Berlin Empor"]
[WhiteTeamCountry "GER"]
[BlackTeamCountry "GER"]

1. e4 c5 2. Nf3 Nc6 3. Bb5 Nf6 4. Nc3 d6 5. d4 cxd4 6. Nxd4 Bd7 7. Nf3 Ng4 8. Bc4 g6 9. Ng5 Nce5 10. Bb3 Qb6 11. 0-0 Bg7 12. h3 Nh6 13. Be3 Qd8 14. Qd5 Bc6 15. Ba4 Bxa4 16. Nxa4 b6 17. f4 Nd7 18. f5 0-0 19. fxg6 hxg6 20. g4 Nf6 21. Qb3 Rc8 22. Rac1 Qd7 23. Nf3 Nxe4 24. g5 Nf5 25. Rce1 0-1